Afra Tafreeh [urdu] (Record no. 298909)
[ view plain ]
| 000 -LEADER | |
|---|---|
| fixed length control field | 00311 a2200133 4500 |
| 001 - CONTROL NUMBER | |
| control field | 63836 |
| 020 ## - INTERNATIONAL STANDARD BOOK NUMBER | |
| International Standard Book Number | 9789693509953 |
| 082 ## - DEWEY DECIMAL CLASSIFICATION NUMBER | |
| Classification number | 891.4397 YOU |
| 090 ## - LOCALLY ASSIGNED LC-TYPE CALL NUMBER (OCLC); LOCAL CALL NUMBER (RLIN) | |
| -- | 37755 |
| -- | 37755 |
| 100 ## - MAIN ENTRY--PERSONAL NAME | |
| Personal name | Younis Butt |
| 245 ## - TITLE STATEMENT | |
| Title | Afra Tafreeh [urdu] |
| 260 ## - PUBLICATION, DISTRIBUTION, ETC. | |
| Place of publication, distribution, etc. | Lahore |
| Name of publisher, distributor, etc. | Sang-e-Meel Publications |
| Date of publication, distribution, etc. | 2006 |
| 300 ## - PHYSICAL DESCRIPTION | |
| Extent | 200pp |
| 942 ## - ADDED ENTRY ELEMENTS (KOHA) | |
| Institution code [OBSOLETE] | caenust |
| Call number prefix | 891.4397 YOU |
| Withdrawn status | Lost status | Damaged status | Not for loan | Collection code | Permanent Location | Current Location | Date acquired | Total Checkouts | Full call number | Barcode | Date last seen | Price effective from | Koha item type |
|---|---|---|---|---|---|---|---|---|---|---|---|---|---|
| College of Aeronautical Engineering (CAE) | College of Aeronautical Engineering (CAE) | 04/03/2017 | 891.4397 YOU | CAE82093 | 04/05/2017 | 04/05/2017 | Book |
